| 000 | 01478nem a2200421 i 4500 | ||
|---|---|---|---|
| 001 | 35227 | ||
| 003 | KOSZ 005 | ||
| 005 | 20200207123410.0 | ||
| 007 | ad canzn | ||
| 008 | 041217s2004 pl e | 1 pol | ||
| 015 | _aBDK 2004/301 | ||
| 020 | _a837345229X | ||
| 034 | 1 |
_aa _b15500 |
|
| 035 | _a991025186209705066 | ||
| 035 | _a(PL-WaBN)b16870189-48omnis_nlop | ||
| 035 | _ab16870189 | ||
| 035 | _a(OCoLC)838914438 | ||
| 035 | _a(PL)b0000001687018 | ||
| 035 | _a(EXLNZ-48OMNIS_NETWORK)9910170328905606 | ||
| 040 |
_aWA N _cWA N _dKOSZ 005/HR |
||
| 080 | _a912(438) | ||
| 245 | 0 | 0 |
_aŁódź : _batlas miasta : skala 1:15 500 / _coprac. wydawca MAPY ŚCIENNE BEATA PIĘTKA WYDAWNICTWO KARTOGRAFICZNE ; "nowe opracowanie". |
| 255 | _aSkala 1:15 000. | ||
| 260 |
_aKatowice : _bMAPY ŚCIENNE, Beata Piętka, _c[2004]. |
||
| 300 |
_a1 atlas (s. 2-63 mapy, 64-72 indeks) : _bkolor. ; _c22 cm, skoroszyt. |
||
| 380 | _aMapy | ||
| 500 | _aTyt. panelowy. | ||
| 540 | _aCop. Mapy Ścienne Beata Piętka. | ||
| 546 | _aTreść map w jęz. pol., legenda także w jęz. ang. i niem. | ||
| 648 | 7 |
_a2001- _2DBN |
|
| 651 | 7 |
_aŁódź (woj. łódzkie) _2DBN |
|
| 655 | 7 |
_aPlan miasta _2DBN |
|
| 658 | _aGeografia i nauki o Ziemi | ||
| 710 | 2 |
_aWydawnictwo Piętka _eWydawca |
|
| 856 |
_uhttp://koha.tu.koszalin.pl/cgi-bin/koha/opac-detail.pl?biblionumber=35227 _yKatalog online BPK |
||
| 942 |
_2UKD _cMP |
||
| 999 |
_c35227 _d35227 |
||